1743 1595 1684 1015 1361 1533 1534 1863 1581 1121 1565 1340 1582 1526 1908 1017 1459 1238 1167 1640 1168 1543 1461 1575 1038 1156 1188 1888 1761 1754 1087 1318 1383 1690 1810 1080 1502 1680 1028 1005 1952 1671 1658 1910 1973 1086 1434 1607 1961 1368 1627 1749 1072 1093 1683 1168 1261 1775 1397 1338 1348 1430 1830 1599 1334 1561 1416 1091 1738 1589 1283 1055 1597 1464 1516 1364 1226 1646 1831 1846 1212 1126 1716 1116 1402 1875 1463 1230 1761 1054 1495 1140 1212 1777 1030 1207 1028 1872 1551 BCNSPRNW ULIB Ver.6.0+V

เปลี่ยนเป็นภาษาไทย

Change to English
 แสดงรายละเอียดบรรณานุกรม
  กลับหน้าหลัก

Brief Record : Get Marc (ISO 2709) : E-mail record : QR code < ปิดหน้าต่าง
LEADER : 00000nam 2200000uu 4500
001    13399107734
003     ULIB
008    110201s2552||||th 000 0 tha d
020    9745863998 (ล.2)
060 04 QT4^bช627ส ล.2 2552
245 00 สรีรวิทยา /^cโดยคณาจารย์ภาควิชาสรีรวิทยา คณะวิทยาศาสตร์มหาวิทยาลัยมหิดล ; คณะผู้จัดทำ, ชุมพล ผลประมูล ... [และคนอื่นๆ]
250    พิมพ์ครั้งที่ 4
260    กรุงเทพฯ :^bภาควิชาสรีรวิทยา คณะวิทยาศาสตร์มหาวิทยาลัยมหิดล,^c2552
650  7 สรีรวิทยา
700 0  ชุมพล ผลประมูล
710 2  มหาวิทยาลัยมหิดล. ^bคณะวิทยาศาสตร์. ^bภาควิชาสรีรวิทยา
945    ^p0^l0^i028813
945    ^p0^l0^i028812
945    ^p0^l0^i028811
945    ^p0^l0^i028814
995    ทศพร
999 ^a ใช้งานได้ทุกระบบ
รายการนี้ยังไม่มีแท็ก
คุณยังไม่ได้ล็อกอิน คุณสามารถมีกิจกรรมร่วมกับเว็บไซต์ได้ แต่ต้องล็อกอินก่อน ::
  ล็อกอิน

รายการสื่อสารสนเทศ

ลำดับที่ ประเภท เลขเรียก/บาร์โค้ด สถานที่ สถานะ
- ไม่พบข้อมูล -

รายการใกล้เคียง
    หัวเรื่อง [สรีรวิทยา]

BibComment


ยังไม่เคยถูกคอมเมนท์

คอมเมนท์ทรัพยากรรายการนี้
  คอมเมนท์: สรีรวิทยา โดยคณา..


 Copyright 2026. Bcnsprnw @Library